Top 10 Countries with the Most Premier League Players - Statistics

General Stats
  • This quiz has been taken 42 times
  • The average score is 9 of 10
Answer Stats
Country % Correct
1 England
100%
5 Spain
100%
6 Germany
96%
7 Portugal
96%
2 France
93%
4 Netherlands
93%
10 Belgium
89%
3 Brazil
89%
8 Argentina
81%
9 Sweden
74%
No matching quizzes found
Score Distribution
Percent of People with Each Score
Percentile by Number Answered
Your Score History
You have not taken this quiz